000 01118nam a22003377a 4500
003 CHAP
005 20220329143755.0
008 110804s2007 us a r 00010 eng d
010 _a101717
011 _a102689
020 _a9780849338397
035 _a113378
040 _cCHAP
082 1 0 _a664.07
_bM47
100 1 _aMeilgaard, Morten
_974210
245 1 0 _aSensory evaluation techniques
_c/por Morten C. Meilgaard, Gail Vance Civille y B. Thomas Carr.
250 _a4 ed.
260 _aBoca Raton :
_bCRC Press,
_c2007
300 _a448 p. :
_bilus., gráfs., tablas
590 _aBATCH-UPD
_b10
_c20130110
_lUCH01
_h1116
590 _aBATCH-UPD
_b10
_c20130410
_lUCH01
_h0707
590 _aCONVERSION
_b10
_c20130109
_lUCH01
_h1356
650 1 4 _aAlimentos
_xPropiedades organolepticas.
_94270
650 1 4 _aAnalisis de organolepticas.
_95970
650 1 4 _aCalidad
_xControl de la.
_917484
700 1 _aCarr, B. Thomas.
_919304
700 1 _aCiville, Gail Vance.
_923571
901 _aBK
942 _cLIBRO
949 _a664.07 M47
_bBC
_cLIBRO
_d33724002247165
_eLIBRO
_gI. 258520
_h115447
_i113378
_si
_t$1,377.31
999 _c101717
_d101717